000 00556nam a2200145Ia 4500
999 _c27031
_d27031
041 _aEnglish
082 _aRH.0063
100 _aHole, Manoj
_uCollege of Social Work
245 2 _aA status of female beedi workers in Vidarbha region of Maharashtra state with special reference to their socio-economic, health and education :
_ban analytical study /
_cManoj Hole
260 _aNew Delhi :
_bIndian Council of Social Science Research,
_c2017
300 _a156p
650 _aBeedi workers
_zIndia
_zMaharashtra
650 _aSocio-economic
942 _2ddc
_cBK